• 首页
  • 本馆介绍
  • 公告通知
  • 最新文献
  • 馆藏检索
  • 电子资源
  • 读者导购
  • 参考咨询
  • 我的图书馆
  • 登录
  • 详细信息显示
  • 放入我的书架
  • 预约/预借图书
  • 作者相关作品
  • 分类相关作品
  • 丛书相关作品
  • 出版社相关作品

书目信息

  • 表格格式
  • 工作单格式
  • 卡片格式
题名:
国外科技参考工具书简介
    
 
作者: ;中国科学技术情报研究所 编
分册: 6  
出版信息: 北京   科技文献出版社  1986
页数: 362页
开本: 19cm
丛书名:
单 册:
中图分类: Z88:N6 , N6
科图分类:
主题词: 科学技术-工具书--简介--外国 , 工具书-科学技术--简介--外国 , 自然科学--工具书
电子资源:
ISBN:
000 00827nam0 2200277 45
001 0186012677
005 20040630160133.2
010    @dCNY2.35
091    @a17176.452
100    @a19900818d1986 kemy0chiy0121 ea
101 0  @achi
102    @aCN@b110000
105    @ay z 000yy
106    @ar
200 10 @a国外科技参考工具书简介@Aguo wai ke ji can kao gong ju shu jian jie@h6@f中国科学技术情报研究所编
210    @a北京@c科技文献出版社@d1986
215    @a362页@d19cm
606    @a科学技术-工具书@x简介@y外国
606    @a工具书-科学技术@x简介@y外国
606 0  @a自然科学@x工具书
690    @aZ88:N6@v3
690    @aN6@v3
711 02 @a中国科学技术情报研究所@Azhong guo ke xue ji shu qing bao yan jiu suo@4编
801  0 @aCN@b深圳图书馆@c20040524
801  2 @aCN@bNLC@c20040524
905    @dN6@e3:6@f1@b163988
    
    国外科技参考工具书简介.6/中国科学技术情报研究所编.-北京:科技文献出版社,1986
    362页;19cm
    
    
    ISBN :CNY2.35
    
●
相关链接 在E读中查询图书 在五车中查询图书 在当当中查询图书 在豆瓣中查询图书


正题名:国外科技参考工具书简介     索取号:N6/3:6         预约/预借

序号 登录号 条形码 馆藏地/架位号 状态 备注
1 0163988   001936034   密集书库/ [索取号:N6/3:6] 在馆    
2 0163989   001229897   第三借阅区/ [索取号:N6/3:6] 在馆    
3 0163990   202088515   第二样本阅览室/ [索取号:N6/3:6] 在馆    
唐山师范学院图书馆 欢迎您!
大连网信软件有限公司© 版权所有